| 000 -LEADER |
| fixed length control field |
01577nam a22003257a 4500 |
| 003 - CONTROL NUMBER IDENTIFIER |
| control field |
Ge_BSU |
| 005 - DATE AND TIME OF LATEST TRANSACTION |
| control field |
20230605171748.0 |
| 008 - FIXED-LENGTH DATA ELEMENTS--GENERAL INFORMATION |
| fixed length control field |
230605s2018 enk||||| |||| 00| 0 eng d |
| 020 ## - INTERNATIONAL STANDARD BOOK NUMBER |
| International Standard Book Number |
9788378932369 |
| 041 ## - LANGUAGE CODE |
| Language code of text/sound track or separate title |
eng |
| 080 ## - UNIVERSAL DECIMAL CLASSIFICATION NUMBER |
| Universal Decimal Classification number |
159.9(479.22)(092 უზნაძე, დ.) U-99 |
| 100 ## - MAIN ENTRY--PERSONAL NAME |
| Personal name |
Uznadze, Dimitri |
| 9 (RLIN) |
18486 |
| 245 ## - TITLE STATEMENT |
| Title |
Selected works : |
| Remainder of title |
commented by contemporary Georgian scholars / |
| Statement of responsibility, etc. |
Dimitri Uznadze; translated from Georgian by Ketevan Todadze; edited by Nino Javakhishvili, Nino Butsashvili; text design, Ketevan Ghonghadze. |
| 250 ## - EDITION STATEMENT |
| Edition statement |
2nd edition |
| 264 ## - PRODUCTION, PUBLICATION, DISTRIBUTION, MANUFACTURE, AND COPYRIGHT NOTICE |
| Place of production, publication, distribution, manufacture |
Wojnowice : |
| Name of producer, publisher, distributor, manufacturer |
KEW : Ilia State University, |
| Date of production, publication, distribution, manufacture, or copyright notice |
2018. |
| 300 ## - PHYSICAL DESCRIPTION |
| Extent |
164 p. ; |
| Other physical details |
23 cm. |
| 504 ## - BIBLIOGRAPHY, ETC. NOTE |
| Bibliography, etc. note |
ბიბლიოგრაფია: გვ. 162-163 და ტექსტის შენიშვნებში. |
| 653 ## - INDEX TERM--UNCONTROLLED |
| keyword |
Uznadze, Dimitri, 1886-1950. |
| 653 ## - INDEX TERM--UNCONTROLLED |
| keyword |
ფსიქოლოგია. |
| 653 ## - INDEX TERM--UNCONTROLLED |
| keyword |
პედაგოგიკური ფსიქოლოგია. |
| 653 ## - INDEX TERM--UNCONTROLLED |
| keyword |
ქართველი ფსიქოლოგები. |
| 700 ## - ADDED ENTRY--PERSONAL NAME |
| Personal name |
Todadze, Ketevan |
| Relator term |
მთარგმნელი |
| 9 (RLIN) |
18487 |
| 700 ## - ADDED ENTRY--PERSONAL NAME |
| Personal name |
Javakhishvili, Nino |
| Relator term |
რედაქტორი. |
| 9 (RLIN) |
18488 |
| 700 ## - ADDED ENTRY--PERSONAL NAME |
| Personal name |
Butsashvili, Nino |
| Relator term |
რედაქტორი |
| 9 (RLIN) |
18489 |
| 700 ## - ADDED ENTRY--PERSONAL NAME |
| Personal name |
Ghonghadze, Ketevan |
| Relator term |
ტექსტის დიზაინერი |
| 9 (RLIN) |
18490 |
| 700 ## - ADDED ENTRY--PERSONAL NAME |
| Personal name |
Mirtskhulava, Rusudan |
| Relator term |
ავტორი. |
| 9 (RLIN) |
18491 |
| 700 ## - ADDED ENTRY--PERSONAL NAME |
| Personal name |
Makashvili, Ketevan |
| Relator term |
ავტორი |
| 9 (RLIN) |
18492 |
| 700 ## - ADDED ENTRY--PERSONAL NAME |
| Personal name |
Chitashvili, Narine |
| Relator term |
ავტორი |
| 9 (RLIN) |
18493 |
| 942 ## - ADDED ENTRY ELEMENTS (KOHA) |
| Source of classification or shelving scheme |
|
| Koha item type |
წიგნი |